|
|
|
|
| LEADER |
01025nam a2200241 a 4500 |
| 001 |
1673445 |
| 008 |
091012s1998 dcua bs i000 0 eng d |
| 010 |
|
|
|a 98054384
|z 00506125
|
| 040 |
|
|
|a DLC
|c DLC
|d DLC
|
| 082 |
0 |
0 |
|a 362.5/095492
|2 21
|
| 245 |
0 |
0 |
|a Bangladesh :
|b from counting the poor to making the poor count.
|
| 260 |
|
|
|a Washington, D.C. :
|b World Bank,
|c 1998.
|
| 300 |
|
|
|a iii, 70 p. :
|b ill. ;
|c 28 cm.
|
| 490 |
0 |
|
|a A World Bank country study
|
| 504 |
|
|
|a Includes bibliographical references (p. [63]-70).
|
| 541 |
1 |
|
|e 00007375
|
| 650 |
|
0 |
|a Poor
|z Bangladesh.
|
| 650 |
|
0 |
|a Poverty
|z Bangladesh.
|
| 710 |
2 |
|
|a World Bank.
|
| 852 |
4 |
|
|a Ayesha Abed Library
|j General shelf
|
| 999 |
|
|
|c 8107
|d 8107
|
| 952 |
|
|
|0 0
|1 0
|2 ddc
|4 0
|6 362_509549200000000_BAN_1998
|7 0
|9 9254
|a BRACUL
|b BRACUL
|c GEN
|d 2010-04-18
|l 0
|o 362.5095492 BAN
|p 3010007375
|r 2010-04-18
|t 2
|w 2010-04-18
|y BK
|
| 952 |
|
|
|0 0
|1 0
|2 ddc
|4 0
|6 362_509549200000000_BAN_1998
|7 0
|9 18399
|a BRACUL
|b BRACUL
|c GEN
|d 2011-10-16
|l 0
|o 362.5095492 BAN
|p 3010007374
|r 2011-10-16
|t 1
|w 2011-10-16
|y BK
|